Reader's Digest/ (Record no. 7737)
[ view plain ]
| 000 -LEADER | |
|---|---|
| fixed length control field | 01152cam a2200301 a 4500 |
| 001 - CONTROL NUMBER | |
| control field | 23355395 |
| 003 - CONTROL NUMBER IDENTIFIER | |
| control field | OCoLC |
| 005 - DATE AND TIME OF LATEST TRANSACTION | |
| control field | 20190218200433.0 |
| 008 - FIXED-LENGTH DATA ELEMENTS--GENERAL INFORMATION | |
| fixed length control field | 910307s1992 nyuab b 001 0 eng |
| 010 ## - LIBRARY OF CONGRESS CONTROL NUMBER | |
| LC control number | 91008873 |
| 035 ## - SYSTEM CONTROL NUMBER | |
| System control number | (OCoLC)23355395 |
| 040 ## - CATALOGING SOURCE | |
| Original cataloging agency | DLC |
| Language of cataloging | eng |
| Transcribing agency | DLC |
| Modifying agency | BAKER |
| -- | BTCTA |
| -- | YDXCP |
| -- | ITC |
| -- | AZFX8 |
| -- | OG# |
| -- | OCLCF |
| -- | OCLCQ |
| -- | CIRBC |
| 043 ## - GEOGRAPHIC AREA CODE | |
| Geographic area code | e------ |
| -- | ff----- |
| -- | aw----- |
| 050 00 - LIBRARY OF CONGRESS CALL NUMBER | |
| Classification number | BR162.2 |
| Item number | .A34 1992 |
| 082 00 - DEWEY DECIMAL CLASSIFICATION NUMBER | |
| Classification number | 051 |
| Edition number | 20 |
| 092 0# - LOCALLY ASSIGNED DEWEY CALL NUMBER (OCLC) | |
| Classification number | 051 |
| 245 00 - TITLE STATEMENT | |
| Title | Reader's Digest/ |
| Remainder of title | conquer Stress Now!/ 25 ways to find calm and be on top of your life/ |
| 260 ## - PUBLICATION, DISTRIBUTION, ETC. | |
| Place of publication, distribution, etc. | Plesantville, N.Y. : |
| Name of publisher, distributor, etc. | Reader's Digest Association, |
| Date of publication, distribution, etc. | ©1992. |
| 300 ## - PHYSICAL DESCRIPTION | |
| Extent | 164 p.; : |
| Other physical details | color illustrations, maps ; |
| Dimensions | 16 cm |
| 336 ## - CONTENT TYPE | |
| Content type term | text |
| Content type code | txt |
| Source | rdacontent |
| 337 ## - MEDIA TYPE | |
| Media type term | unmediated |
| Media type code | n |
| Source | rdamedia |
| 338 ## - CARRIER TYPE | |
| Carrier type term | volume |
| Carrier type code | nc |
| Source | rdacarrier |
| 504 ## - BIBLIOGRAPHY, ETC. NOTE | |
| Bibliography, etc. note | Includes bibliographical references (pages 333-337) and index. |
| 520 ## - SUMMARY, ETC. | |
| Summary, etc. | Chronicles how the Christian movement survived, grew, and eventually captured the very soul of the Roman Empire. |
| 650 #0 - SUBJECT ADDED ENTRY--TOPICAL TERM | |
| Topical term or geographic name entry element | Church history |
| Chronological subdivision | Primitive and early church, ca. 30-600. |
| 710 2# - ADDED ENTRY--CORPORATE NAME | |
| Corporate name or jurisdiction name as entry element | Reader's Digest Association. |
| 942 ## - ADDED ENTRY ELEMENTS (KOHA) | |
| Source of classification or shelving scheme | Dewey Decimal Classification |
| Koha item type | Books |
| Withdrawn status | Lost status | Source of classification or shelving scheme | Damaged status | Not for loan | Collection code | Home library | Current library | Shelving location | Date acquired | Cost, normal purchase price | Total Checkouts | Full call number | Barcode | Date last seen | Price effective from | Koha item type |
|---|---|---|---|---|---|---|---|---|---|---|---|---|---|---|---|---|
| Dewey Decimal Classification | Non-fiction | Harvest Mission College | Harvest Mission College | General Stacks | 18.02.2019 | 120.00 | 051 | 008858 | 18.02.2019 | 18.02.2019 | Books |
